<?xml version="1.0" encoding="UTF-8"?>
<record
    xmlns:xsi="http://www.w3.org/2001/XMLSchema-instance"
    xsi:schemaLocation="http://www.loc.gov/MARC21/slim http://www.loc.gov/standards/marcxml/schema/MARC21slim.xsd"
    xmlns="http://www.loc.gov/MARC21/slim">

  <leader>01944nam a2200217Ia 4500</leader>
  <controlfield tag="001">b2587-23689 [2502]</controlfield>
  <controlfield tag="003">IT-MiCISF</controlfield>
  <controlfield tag="005">20250829194853.0</controlfield>
  <controlfield tag="008">161014s9999||||xx |||||||||||||| ||und||</controlfield>
  <datafield tag="040" ind1=" " ind2=" ">
    <subfield code="a">IT-MiCISF</subfield>
    <subfield code="c">IT-MiCISF</subfield>
  </datafield>
  <datafield tag="041" ind1=" " ind2=" ">
    <subfield code="a">it</subfield>
  </datafield>
  <datafield tag="100" ind1=" " ind2=" ">
    <subfield code="a">Donati Pierpaolo</subfield>
    <subfield code="9">56154</subfield>
  </datafield>
  <datafield tag="245" ind1=" " ind2="0">
    <subfield code="a">Teoria relazionale della societ&#xE0;.</subfield>
    <subfield code="b">I concetti di base</subfield>
  </datafield>
  <datafield tag="260" ind1=" " ind2=" ">
    <subfield code="a"> Milano.</subfield>
    <subfield code="b">Franco Angeli.</subfield>
    <subfield code="c">1991</subfield>
  </datafield>
  <datafield tag="300" ind1=" " ind2=" ">
    <subfield code="a">pp. 565</subfield>
  </datafield>
  <datafield tag="500" ind1=" " ind2=" ">
    <subfield code="a"> / societ&#xE0;, rapporti-sociali, teoria, comunit&#xE0;, reti-informali, associazioni, sociologia, politiche-sociali, scuola, educazione, socializzazione / </subfield>
  </datafield>
  <datafield tag="520" ind1=" " ind2=" ">
    <subfield code="a">Questo testo &#xE8; nato per esigenze didattiche e presenta il nucleo concettuale e metodologico dell'approccio relazionale in sociologia, che &#xE8; sorto negli anni 1980 e ha avuto grandi sviluppi teorici e applicativi . La teoria relazionale in sociologia parte dalla constatazione che le societ&#xE0; contemporanee non riescono pi&#xF9; a darsi una rappresentazione convincente di se stesse. Le interpretazioni organiche, dialettiche o funzionali non riescono pi&#xF9; a comprendere e spiegare quanto accade. Gran parte delle teorie sociologiche osservano solo una 'societ&#xE0; liquida', precaria, frammentata. La teoria relazionale non nega che queste rappresentazioni colgano alcuni aspetti reali, ma intende andare a vedere se, al di l&#xE0; di una socialit&#xE0; che implode, emergano anche nuove 'forme di societ&#xE0;'. Per realizzare tale compito, essa deve riformulare le premesse conoscitive e i modelli interpretativi dei processi di morfogenesi relazionale in interazione con le stesse modalit&#xE0; operative di "fare societ&#xE0;" oggi. La teoria relazionale mira, in breve, a sostenere una coscienza della societ&#xE0; che sia all'altezza dei rischi e delle sfide che aumentano quanto pi&#xF9; la complessit&#xE0; artificiale comporta un deficit strutturale di capacit&#xE0; riflessiva e di orientamento.</subfield>
  </datafield>
  <datafield tag="650" ind1=" " ind2=" ">
    <subfield code="a">societ&#xE0;</subfield>
  </datafield>
  <datafield tag="942" ind1=" " ind2=" ">
    <subfield code="c">BK</subfield>
    <subfield code="2">ddc</subfield>
  </datafield>
  <datafield tag="999" ind1=" " ind2=" ">
    <subfield code="c">214871</subfield>
    <subfield code="d">214871</subfield>
  </datafield>
  <datafield tag="999" ind1=" " ind2=" ">
    <subfield code="b">si</subfield>
  </datafield>
  <datafield tag="952" ind1=" " ind2=" ">
    <subfield code="0">0</subfield>
    <subfield code="1">0</subfield>
    <subfield code="4">0</subfield>
    <subfield code="6">B_258723689_2502</subfield>
    <subfield code="7">1</subfield>
    <subfield code="a">CISF</subfield>
    <subfield code="b">CISF</subfield>
    <subfield code="d">2016-10-14</subfield>
    <subfield code="l">0</subfield>
    <subfield code="o">b2587-23689 [2502]</subfield>
    <subfield code="r">2016-10-14 00:00:00</subfield>
    <subfield code="w">2016-10-14</subfield>
    <subfield code="y">BK</subfield>
    <subfield code="z">Data import 15.10.2016 / by Epidotti, Vaglietti</subfield>
  </datafield>
</record>
